000 00314nam a22000977a 4500
008 150724b xxu||||| |||| 00| 0 eng d
010 _8HCCRS ARF:034
245 _aHIGH COURT CRIMINAL SESSION NO.71 OF 1976 Uganda Vs Paskali Byebirwoha
260 _aHigh Court Kampala
500 _3Before: Hon. Mr. Justice P.Nyamuchoncho
999 _c8119
_d8119